000 00497nam a2200205Ia 4500
003 OSt
005 20240306050601.0
008 210324s9999||||xx |||||||||||||| ||und||
040 _cSTCPL
041 _aENG
082 _a823
_bVIR-O
100 _aWoolf, Virginia
245 0 _aOrlando :
_ba biography /
_cby Virginia Woolf
260 _aLondon :
_bThe Hogarth Press ,
_c1960 .
300 _a299 p.
_bHB
650 _aEnglish literature
650 _a Fiction
942 _cBK
942 _2ddc
999 _c10576
_d10576